000 01380nam0a2200325 i 4500
001 RU\NLR\BIBL_A\010301961
005 20260405163317.0
010 _a9785995507130
_91700
021 _aRU
_b2014-7803
_9491
035 _a(NILC)RuMoRGB-006744501
035 _a(NLR Aleph) 010301961
090 _a10598036
_c10598036
100 _a20140403d2014 km y0rusy50 ca
101 0 _arus
102 _aRU
105 _aac||f|||000yd
200 1 _a"Герои" Люфтваффе
_eпервая персональная энциклопедия
_fКонстантин Залесский
210 _aМосква
_cЯуза
_d2014
215 _a729, [1] с.
_cил., портр.
_d24
225 1 _aЭлитная энциклопедия ВВС. Такой книги еще не было!
300 _aНа колонтит. подзаг.: Полная персональная энциклопедия
333 _a16+
601 0 1 _aГермания
_bЛюфтваффе
_jБиографические словари
_92402848
_3RU\NLR\AUTH\661432196
686 1 _aЦ65,8(4Г)0-243д
700 1 _4070
_8rus
_7ca
_aЗалесский
_bК. А.
_f1965-
_gКонстантин Александрович
_3RU\NLR\AUTH\7769466
_952394
801 0 _aRU
_bРГБ
_c20140225
_gRCR
942 _cBOOK
980 _aNBR